000 00307nam a22001097a 4500
008 160506b xxu||||| |||| 00| 0 eng d
020 _a0721628591
041 _aeng
080 _a61
245 _aDorlands illustrated medical dictionary:
_cW.B.Saunders DictionaryStaff;Michelle A. Elliott BA;
942 _2udc
_cBK
999 _c1872
_d1872